| 000 | 01207nam a22002417a 4500 | ||
|---|---|---|---|
| 005 | 20180404123439.0 | ||
| 010 | _aHIN-102886 B-690204-205 | ||
| 020 |
_c200.00 _a9789350484784 |
||
| 020 |
_c300.00 बलिदानी _a9789350484784 |
||
| 035 | _aHN-75232 | ||
| 035 | _aB-690204-205 | ||
| 037 | _bDBAD / PUB | ||
| 037 | _bप्रभात | ||
| 082 | _a921 | ||
| 100 | _aशास्त्री,सुनील | ||
| 245 |
_aलाल बहादुर शास्त्री / _cसुनील शास्त्री |
||
| 260 |
_aनई दिल्ली _bप्रभात प्रकाशन _c2013 _c2017 बलिदानी |
||
| 270 |
_a4/19, आसफ अली रोड़, _bनई दिल्ली _e110002 |
||
| 300 |
_a152पृ. _c22 सेमी.(सजिल्द) |
||
| 500 | _aबलिदानी पुस्तक | ||
| 942 |
_2ddc _cHN _mशास्त्रीसु _h921 |
||
| 999 |
_c87185 _d87185 |
||